|
|
|
|
| LEADER |
01140nam a2200265 a 4500 |
| 001 |
12652776 |
| 008 |
091015s2002 ilu b 001 0 eng d |
| 010 |
|
|
|a \\2002019210
|
| 020 |
|
|
|a 0226100383 (cloth : alk. paper)
|
| 020 |
|
|
|a 0226100391 (paper)
|
| 020 |
|
|
|a 8178240939
|
| 040 |
|
|
|a DLC
|c DLC
|d DLC
|
| 082 |
0 |
0 |
|a 954/.007/2
|2 21
|
| 100 |
1 |
|
|a Chakrabarty, Dipesh.
|
| 245 |
1 |
0 |
|a Habitations of modernity :
|b essays in the wake of subaltern studies /
|c Dipesh Chakrabarty ; with a foreword by Homi K. Bhabha.
|
| 260 |
|
|
|a Chicago :
|b University of Chicago Press,
|c 2002.
|
| 300 |
|
|
|a xxiv, 173 p. ;
|c 24 cm.
|
| 504 |
|
|
|a Includes bibliographical references and index.
|
| 541 |
1 |
|
|e 00019370
|
| 651 |
|
0 |
|a India
|x Historiography.
|
| 651 |
|
0 |
|a India
|x Politics and government.
|
| 650 |
|
0 |
|a Social justice
|z India.
|
| 852 |
4 |
|
|a Ayesha Abed Library
|j General shelf
|
| 999 |
|
|
|c 4573
|d 4573
|
| 952 |
|
|
|0 0
|1 0
|2 ddc
|4 1
|6 954_007200000000000_CHA
|7 0
|9 4358
|a ENH
|b ENH
|d 2009-10-15
|l 1
|o 954.0072 CHA
|p 3010019370
|r 2014-05-14
|s 2013-02-18
|t 1
|w 2009-10-15
|y BK
|x Departmental-issued damaged books were found in the ENH department for the reason of termites eaten in 2016
|